50 największych wsi w powiecie Hajnowskim - Statystyki

Ogólne statystyki
  • Ten quiz został rozwiązany 19 razy
  • Średni wynik to 24 z 50
Statystyki odpowiedzi
Msc. Gmina Odpowiedź L. Mieszkańców % Poprawnych
2. Białowieża Białowieża 1620
100%
1. Czeremcha Czeremcha 2020
100%
11. Czyże Czyże 307
100%
3. Narew Narew 1399
100%
4. Narewka Narewka 832
100%
18. Hajnówka Nowoberezowo 229
100%
14. Dubicze Cerkiewne Dubicze Cerkiewne 248
88%
29. Hajnówka Nowokornino 155
88%
8. Hajnówka Nowosady 364
88%
5. Hajnówka Dubiny 776
75%
10. Narewka Siemianówka 341
75%
13. Hajnówka Stare Berezowo 250
75%
7. Czyże Klejniki 367
63%
6. Hajnówka Lipiny 380
63%
28. Narew Łosinka 155
63%
9. Hajnówka Orzeszkowo 353
63%
47. Dubicze Cerkiewne Stary Kornin 105
63%
30. Czyże Zbucz 152
63%
40. Czyże Kojły 120
50%
17. Czyże Kuraszewo 229
50%
22. Hajnówka Mochnate 174
50%
16. Narew Trześcianka 233
50%
39. Hajnówka Borysówka 121
38%
15. Czeremcha Czeremcha - wieś 234
38%
26. Białowieża Grudki 161
38%
44. Narew Krzywiec 108
38%
24. Narewka Lewkowo Nowe 168
38%
12. Narewka Lewkowo Stare 296
38%
43. Narew Makówka 110
38%
33. Czyże Morze 135
38%
45. Narewka Olchówka 108
38%
35. Narewka Planta 129
38%
41. Kleszczele Policzna 119
38%
23. Narewka Skupowo 170
38%
20. Dubicze Cerkiewne Grabowiec 205
25%
31. Dubicze Cerkiewne Jagodniki 147
25%
32. Czeremcha Kuzawa 147
25%
27. Narewka Mikłaszewo 159
25%
42. Kleszczele Saki 117
25%
25. Czeremcha Stawiszcze 165
25%
36. Narewka Tarnopol 126
25%
38. Hajnówka Tyniewicze Duże 123
25%
21. Kleszczele Dasze 179
13%
19. Kleszczele Dobrowoda 209
13%
50. Narewka Ochrymy 103
13%
34. Hajnówka Postołowo 132
13%
37. Narewka Stoczek 123
13%
48. Kleszczele Suchowolce 104
13%
46. Hajnówka Chytra 105
0%
49. Dubicze Cerkiewne Tofiłowce 104
0%
Nie znaleziono quizów pasujących do podanych kryteriów
Rozkład punktacji
Procent ludzi z każdym wynikiem
Percentyl według liczby udzielonych odpowiedzi
Twoja historia wyników
Nie rozwiązałeś tego quizu